Filmographie David Fincher - Statistiques

Statistiques générales
  • Ce quiz a été pris 206 fois
  • Le résultat moyen est 7 sur 12
Statistiques - réponses
Année Films % Correct
1999 Fight Club
92%
1995 Seven
92%
2007 Zodiac
65%
2023 The Killer
64%
2014 Gone Girl
63%
2010 The Social Network
62%
1992 Alien 3
59%
1997 The Game
55%
2008 L'Étrange Histoire de Benjamin Button
52%
2002 Panic Room
52%
2020 Mank
43%
2011 Millénium : Les Hommes qui n'aimaient pas les femmes
41%
Aucun quiz correspondant
Distribution des résultats
% des personnes avec chaque résultat
Percentile par nombre de réponses
Votre historique - résultats
Vous n’avez pas pris ce quiz